| 000 | 00972nam a22002297a 4500 | ||
|---|---|---|---|
| 999 |
_c19153 _d19153 |
||
| 003 | AR-CdUCM | ||
| 008 | 190516b ||||| |||| 00| 0 spa d | ||
| 040 |
_aMUNICIPALIDAD PROVINCIAL DEL CUSCO _cBIBLIOTECA MUNICIPAL DEL CUSCO |
||
| 041 | _heng | ||
| 082 |
_22ed. _a301.018 / _bG43 |
||
| 100 |
_aGibson, Quentin _940333 |
||
| 245 | _aLa lógica de la investigación social / | ||
| 260 |
_aMadrid : _bTecnos, _c1964. |
||
| 300 |
_a299 páginas ; _c25 cm. |
||
| 505 | _aContenido: Posturas anticientíficas en torno a la investigación social -- La critica de la abstracción -- Crítica de la generalización -- Crítica a la generalización -- Evidencia empírica y conocimiento analógico -- Hechos y valores -- La negación de la objetividad ... | ||
| 650 |
_aSociología _9276 |
||
| 650 |
_aInvestigación _91940 |
||
| 650 |
_aCiencias sociales _91096 |
||
| 700 |
_aMelgar Botassis, Jaime (traducción) _940334 |
||
| 942 |
_2ddc _cLIBROS |
||
| 945 |
_aachl _d2019-05-16 |
||